000 01499nam0a22003131 4500
001 rc\3436109
005 20130115142139.6
021 _aRU
_b[69-108715]
035 _a(NLR Aleph) 007588128
090 _a5581491
_c5581491
100 _a20130115d1969 |||y0rusy50 ca
101 0 _arus
102 _aRU
105 _ay z |||||
200 1 _aПроизводство и применение керамдора в дорожном строительстве
_e[Доклад
_fЦентр. правл. НТО автомоб. транспорта и дор. хоз-ва. М-во трансп. строительства СССР. Гос. всесоюз. дор. науч.-исслед. ин-т "Союздорнии". Науч.-техн. конференция о развитии дор. строительства с использованием укрепл. каменных материалов
210 _aМосква
_cБ. и.
_d1969]
215 _a7 с.
_d20
300 _aОписано по 2-й с.
300 _aПеред загл. авт.: В.М. Галузин, А.А. Калерт, Н.С. Ценюга
300 _aНа тит. л. только надзаголовок
606 _aКерамдор
_2psbo
700 1 _aГалузин
_bВ. М.
701 1 _aКалерт
_bА. А.
_gАлексей Алексеевич
701 1 _aЦенюга
_bН. С.
801 0 _aRU
_bNLR
_gpsbo
801 1 _aRU
_bELAR
_2rusmarc
852 _aNLR
_j69-4/30671
942 _cBOOK
980 _aNB